Dve cesty transformácie podnikovej sféry
Základné procesy ekonomickej reformy. Reforma podnikovej sféry ako ťažisko ekonomickej transformácie. Odlišnosti v koncepcii celkovej hospodárskej transformácie v procesoch podnikovej reformy v Číne a v strednej Európe. Popis dvoch metód privatizácie. Získané skúsenosti z priebehu podnikovej transfo...
Enregistré dans:
| Auteur principal: | |
|---|---|
| Format: | Chapitre de livre |
| Langue: | slovaque |
| Sujets: | |
| Tags: |
Pas de tags, Soyez le premier à ajouter un tag!
|
MARC
| LEADER | 00000naa a2200000 4500 | ||
|---|---|---|---|
| 001 | r028062 | ||
| 005 | 20230918075015.2 | ||
| 041 | 0 | |a slo | |
| 044 | |a SK | ||
| 245 | 1 | 0 | |a Dve cesty transformácie podnikovej sféry |c Tran Thanh Lam |
| 520 | |a Základné procesy ekonomickej reformy. Reforma podnikovej sféry ako ťažisko ekonomickej transformácie. Odlišnosti v koncepcii celkovej hospodárskej transformácie v procesoch podnikovej reformy v Číne a v strednej Európe. Popis dvoch metód privatizácie. Získané skúsenosti z priebehu podnikovej transformácie. | ||
| 610 | 2 | 0 | |a reformy hospodárske |
| 610 | 2 | 0 | |a transformácia |
| 610 | 2 | 0 | |a koncepcie |
| 610 | 2 | 0 | |a podnik |
| 610 | 2 | 0 | |a Čína |
| 610 | 2 | 0 | |a stredná Európa |
| 610 | 2 | 0 | |a privatizácia |
| 100 | 1 | |a Tran Thanh Lam | |